Library Banner

Aik din ka aadmi = ایک دن کا آدمی / (Record no. 121836)

MARC details
000 -LEADER
fixed length control field 00552nam a22001697a 4500
005 - DATE AND TIME OF LATEST TRANSACTION
control field 20210405091954.0
008 - FIXED-LENGTH DATA ELEMENTS--GENERAL INFORMATION
fixed length control field 210405b ||||| |||| 00| 0 eng d
040 ## - CATALOGING SOURCE
Transcribing agency PK-LaUMT
082 ## - DEWEY DECIMAL CLASSIFICATION NUMBER
Classification number RHC 891.4393
Item number WAS-A
100 ## - MAIN ENTRY--PERSONAL NAME
Personal name Waseem Anjum, Muhammad = وسیم انجم، محمد
245 ## - TITLE STATEMENT
Title Aik din ka aadmi = ایک دن کا آدمی /
Statement of responsibility, etc by Muhammad Waseem Anjum = از محمد وسیم انجم
260 ## - PUBLICATION, DISTRIBUTION, ETC. (IMPRINT)
Place of publication, distribution, etc Rawalpindi :
Name of publisher, distributor, etc Anjum Publishers,
Date of publication, distribution, etc 1999
300 ## - PHYSICAL DESCRIPTION
Extent 208 p.
650 ## - SUBJECT ADDED ENTRY--TOPICAL TERM
Topical term or geographic name as entry element Urdu literature
650 ## - SUBJECT ADDED ENTRY--TOPICAL TERM
Topical term or geographic name as entry element Urdu fiction
942 ## - ADDED ENTRY ELEMENTS (KOHA)
Koha item type Books
Holdings
Withdrawn status Lost status Damaged status Home library Current library Date acquired Full call number Barcode Date last seen Price effective from Koha item type
      UMT Main Campus UMT Main Campus 2021-04-05 RHC 891.4393 WAS-A 136772 2021-04-05 2021-04-05 Books